000 nam a22 7a 4500
999 _c10732
_d10732
008 180222b ||||| |||| 00| 0 eng d
100 _aGupta,S.P.
_96584
245 _aWorkbook our Pasts(History)-VI
260 _aNew Delhi
_bArya
_c2012